000 00490nam a2200169Ia 4500
003 IN-BaIIA
008 211028s9999 xx 000 0 eng d
040 _cIIA Library
080 _a529
_bSOM
100 _aSomasundaram, R.
_933376
245 0 _aWhat is time?
_cR. Somasundaram
260 _aBangalore
_bRepromen Offset Printers
_c2009
300 _av, 66p.
650 _aTime
_92741
650 _aTime-Systems and standards
_933377
942 _cBK
999 _c17630
_d17630